| 000 | 00923 a2200241 4500 | ||
|---|---|---|---|
| 003 | Nust | ||
| 005 | 20170207152515.0 | ||
| 010 | _a 95046526 | ||
| 020 | _a0819420239 (pbk.) | ||
| 040 | _cNust | ||
| 082 | 0 | 0 | _a621.38275 |
| 100 | 1 | _aAlexander, Stephen B. | |
| 245 | 1 | 0 |
_aOptical communication receiver design / _cStephen B. Alexander. |
| 260 |
_aBellingham, Wash., USA : _bSPIE Optical Engineering Press ; _aLondon, UK : _bInstitution of Electrical Engineers, _cc1997. |
||
| 300 |
_axix, 314 p. : _bill. ; _c26 cm. |
||
| 490 | 1 |
_aIEE telecommunications series ; _vv. 37 |
|
| 490 | 1 |
_aSPIE tutorial texts in optical engineering ; _vv. TT 22 |
|
| 650 | 0 |
_aOptical communications _xEquipment and supplies. |
|
| 650 | 0 |
_aOptical detectors _xDesign and construction. |
|
| 650 | 0 |
_aOptoelectronic devices _xDesign and construction. |
|
| 830 | 0 | _aIEE telecommunications series ; | |
| 830 | 0 | _aTutorial texts in optical engineering ; | |
| 942 |
_2ddc _cBK |
||
| 999 |
_c176005 _d176005 |
||